[Event "COL Intercollegiate-ch blitz U18 Girls"]
[Site "Paipa"]
[Date "2019.12.15"]
[Round "4"]
[White "Guerra Ruiz, Angie Katerin"]
[Black "Negrete Genes, Lily Johana"]
[Result "1-0"]
[WhiteElo "1516"]
[BlackElo "1240"]
[PlyCount "29"]
[EventDate "2019.12.15"]
[EventType "swiss (blitz)"]
[EventRounds "12"]
[EventCountry "COL"]
[SourceTitle "CBM 193 Extra"]
[Source "ChessBase"]
[SourceDate "2020.01.31"]
[SourceVersion "1"]
[SourceVersionDate "2020.01.31"]
[SourceQuality "1"]

1. e4 e5 2. Nf3 Nc6 3. Bc4 h6 4. 0-0 a6 5. d3 Nf6 6. Nc3 Bc5 7. Be3 Ba7 8. Nd5 b5 9. Nxf6+ Qxf6 10. Bd5 Bb7 11. Bxc6 Bxc6 12. c4 0-0 13. cxb5 Bxb5 14. Rc1 c6 15. d4 1-0

[Event "COL Intercollegiate-ch blitz U18 Girls"]
[Site "Paipa"]
[Date "2019.12.15"]
[Round "5"]
[White "Guerra Ruiz, Angie Katerin"]
[Black "Vivero Orozco, Yairy Yireth"]
[Result "0-1"]
[WhiteElo "1516"]
[BlackElo "1206"]
[PlyCount "84"]
[EventDate "2019.12.15"]
[EventType "swiss (blitz)"]
[EventRounds "12"]
[EventCountry "COL"]
[SourceTitle "CBM 193 Extra"]
[Source "ChessBase"]
[SourceDate "2020.01.31"]
[SourceVersion "1"]
[SourceVersionDate "2020.01.31"]
[SourceQuality "1"]

1. e4 e5 2. Nf3 Nc6 3. Bc4 Nf6 4. Ng5 d5 5. Nxf7 Kxf7 6. exd5 Nxd5 7. Qf3+ Ke8 8. Bxd5 Qxd5 9. Qxd5 Bd6 10. d3 Rf8 11. f3 Bd7 12. Nc3 Nb4 13. Qb3 c6 14. Bd2 Rf6 15. 0-0-0 Be6 16. Qa3 Nxa2+ 17. Nxa2 Bxa3 18. bxa3 Bxa2 19. Rhe1 Re6 20. f4 exf4 21. Rxe6+ Bxe6 22. Bxf4 Kd7 23. Re1 Re8 24. h4 h6 25. h5 Bg4 26. Rxe8 Kxe8 27. Bb8 a6 28. c4 Bxh5 29. d4 Kd8 30. Kb2 Kc8 31. Ba7 Bf7 32. c5 Bd5 33. Kc3 Bxg2 34. Kb4 h5 35. Ka5 h4 36. Kb4 h3 37. Kc4 Bd5+ 38. Kd3 h2 39. Ke3 h1Q 40. Kf4 Qf3+ 41. Ke5 g5 42. Kd6 Qf6# 0-1

[Event "COL Intercollegiate-ch blitz U18 Girls"]
[Site "Paipa"]
[Date "2019.12.15"]
[Round "8"]
[White "Guzman Espinosa, Veronica"]
[Black "Guerra Ruiz, Angie Katerin"]
[Result "0-1"]
[WhiteElo "1539"]
[BlackElo "1516"]
[PlyCount "68"]
[EventDate "2019.12.15"]
[EventType "swiss (blitz)"]
[EventRounds "12"]
[EventCountry "COL"]
[SourceTitle "CBM 193 Extra"]
[Source "ChessBase"]
[SourceDate "2020.01.31"]
[SourceVersion "1"]
[SourceVersionDate "2020.01.31"]
[SourceQuality "1"]

1. e4 e5 2. Nf3 Nc6 3. Bc4 Nf6 4. d3 Bc5 5. Ng5 0-0 6. 0-0 d6 7. Nf3 Bg4 8. Nc3 a6 9. Nd5 Nxd5 10. Bxd5 Nd4 11. Kh1 Nxf3 12. gxf3 Bh3 13. Rg1 g6 14. Qe2 Qh4 15. Be3 Bxe3 16. fxe3 c6 17. Bc4 b5 18. Bb3 a5 19. a3 a4 20. Ba2 Rad8 21. Rg3 Kg7 22. Qf2 g5 23. Rag1 f6 24. d4 d5 25. exd5 cxd5 26. dxe5 Kh6 27. exf6 Rxf6 28. c3 Rf5 29. e4 dxe4 30. fxe4 Rxf2 31. Rxg5 Rd6 32. Bd5 Rf1 33. Ba2 Qxe4+ 34. R5g2 Qxg2# 0-1

[Event "COL Intercollegiate-ch blitz U18 Girls"]
[Site "Paipa"]
[Date "2019.12.15"]
[Round "6"]
[White "Vivero Orozco, Yairy Yireth"]
[Black "Guerra Ruiz, Angie Katerin"]
[Result "0-1"]
[WhiteElo "1206"]
[BlackElo "1516"]
[PlyCount "56"]
[EventDate "2019.12.15"]
[EventType "swiss (blitz)"]
[EventRounds "12"]
[EventCountry "COL"]
[SourceTitle "CBM 193 Extra"]
[Source "ChessBase"]
[SourceDate "2020.01.31"]
[SourceVersion "1"]
[SourceVersionDate "2020.01.31"]
[SourceQuality "1"]

1. e4 e5 2. Nf3 Nf6 3. Nc3 Nc6 4. Bc4 Bc5 5. d3 0-0 6. Be3 Bxe3 7. fxe3 d6 8. d4 exd4 9. exd4 Bg4 10. Be2 d5 11. e5 Ne4 12. Nxe4 dxe4 13. h3 exf3 14. Bxf3 Bxf3 15. Qxf3 Nxd4 16. Qc3 Re8 17. 0-0-0 Ne2+ 18. Kb1 Nxc3+ 19. bxc3 Qe7 20. Rhe1 c5 21. g4 Rad8 22. Rc1 Rd5 23. c4 Rxe5 24. Rxe5 Qxe5 25. c3 Qe4+ 26. Ka1 Qe3 27. Rb1 Qxc3+ 28. Rb2 Re1# 0-1